000 00299nam a22001337a 4500
008 170324b xxu||||| |||| 00| 0 eng d
020 _a9781552392324
041 _aeng
080 _23 ED
_a615.83
100 _a8
101 _aSHM
245 _aFITNESS AND LIFESTYLE
_cWISOTZKI.N.W
942 _2udc
_cBK
999 _c8562
_d8562